000 05468nam a2201225 a 4500
008 250819e2016 ag ||||f |||| 001 0 spa d
020 _a9789500606752
041 _aspa
092 _c616
_l46
_sKOP
245 _aMedicina Familiar y Práctica Ambulatoria.
_bServicio de Medicina Familiar y Comunitaria del Hospital Italiano de Buenos Aires /
_cKarin Kopitowski
250 _a3a ed.
260 _aCiudad Autónoma de Buenos Aires:
_bMédica Panamericana;
_c2016.
300 _a2352 p.
_b29x22 cm.
500 _aKopitowski, K. et al. (2016). Medicina Familiar y Práctica Ambulatoria. (3a ed.). Ciudad Autónoma de Buenos Aires : Editorial Médica Panamericana.
590 _aDonación Ojeda Guido, agosto 2025.
653 3 _aLa práctica de la medicina familiar
653 _aBases y fundamentos de la práctica de la medicina familiar.
653 _aMedicina familiar : paradoja, complejidad e intersticios.
653 _aConsideraciones sobre las familias con un miembro con discapacidad.
653 _aEducación para la salud basada en la comunidad.
653 3 _aLa efectividad en la práctica del médico de familia.
653 _aMedicina basada en la evidencia.
653 _aRecursos médicos en internet.
653 _aCriterios y estrategias de mejoramiento de la calidad de atención.
653 _aRazonamiento médico y diagnóstico.
653 _aInterpretación de los estudios diagnósticos.
653 _aDecisiones compartidas: la importancia de centrar los cuidados médicos en nuestros pacientes.
653 _aHistoria clínica orientada al problema.
653 _aHistoria clínica electrónica.
653 _aSistemas de codificación y registro de información médica.
653 _aGenograma, herramienta clínica en medicina familiar.
653 _aDiagnóstico por imágenes: algunos conceptos prácticos.
653 4 _aLas enfermedades crónicas.
653 _aMedicinas complementarias y alternativas.
653 _aEvaluaciones ecónomicas en salud.
653 _aPrevención en la práctica clínica.
653 3 _aLa complejidad de la prevención.
653 3 _aLa atención de pacientes lesbianas, gays, bisexuales y transgénero.
653 _aPrevención de lesiones no intencionales en la práctica clínica.
653 _aProfilaxis luego de la exposición a líquidos corporales.
_aEntrevista clínica.
653 3 _aLa consulta telefónica y por internet.
653 _aCiclo vital familiar y crisis.
653 _aSecretos familiares e infidelidad y de pareja.
653 _aDivorcio.
653 _aPacientes difíciles.
653 _aPacientes con sintomas sómaticos no explicables.
653 _aBióetica.
653 3 _aLa comunicación de las malas noticias.
653 _aInsonmio.
653 _aTrastornos de ansiedad, trastorno obsesivo- compulsivo y trastornos de estrés.
653 _aTrastorno de depresión mayor. Trastorno depresivo persistente ( distimia).
653 3 _aEl paciente con ideación suicida.
653 _aTrastorno bipolar o enfermedad maníaco depresiva.
653 _aTrastornos de la personalidad.
653 _aTabaquismo.
653 _aAlcoholismo.
653 _aViolencia doméstica.
653 _aAcoso escolar ( bullying)
653 _aDuelo.
653 _aPsicosis.
653 _aAtención de familias con niños.
653 _aLlanto y cólico infantil.
653 _aControl de salud del niño en el primer año de vida.
653 _aControl de salud del niño de 1 a 10 años.
653 _aIctericia fisiológica del recién nacido e ictericia neonatal prolongada.
653 _aEnuresis en los niños.
653 _aLaringotraqueitís e hipertrofia adenoidea
653 _aInfecciones de la vía aérea inferior en los niños.
653 _aEvaluación del niño con retraso en el crecimiento.
653 _aProblemas urológicos frecuentes en los niños.
653 3 _aLa salud del anciano.
653 3 _aLa salud del niño
653 3 _aLa salud de la pareja
653 3 _aLa salud del adolescente.
653 _aProblemas poco diferenciados.
653 _aFiebre
653 _aMareo
653 _aSíncope.
653 _aDisnea.
653 _aAdenopatías.
653 _aSíndrome mononucleoide.
653 _aProblemas respiratorios frecuentes.
653 _aProblemas digestivos frecuentes.
653 _aProblemas cardiovasculares frecuentes.
653 _aProblemas de la boca, la nariz, la garganta, los oídos y los ojos.
653 _aProblemas neurológicos frecuentes.
653 _aProblemas genitourinarios frecuentes.
653 _aProblemas Hematológicos frecuentes.
653 _aProblemas quirúrgicos frecuentes.
653 _aProblemas musculoesqueléticos frecuentes.
653 _aProblemas metabólicos y endocrinos frecuentes.
653 _aProblemas dermatológicos frecuentes.
653 _aEnfermedades regionales.
653 _aProblemas oncológicos frecuentes.
653 _aEnfermedades de transmisión sexuales y HIV.
653 _aCuidados paliativos.
653 _aMedicina del deporte
700 1 _aCarrete, Paula.
_eDir.
_91696
700 1 _aZárate, Miguel.
_eDir.
_94352
700 1 _aRubinstein, Esteban.
_eDir.
_9302
700 1 _aTerrasa, Sergio.
_eDir.
_94353
700 1 _aBarani,Mariela.
_eDir.
_94354
700 1 _aKopitowski, Karin.
_eDir.
_94356
942 _2ddc
_cBK
999 _c3304
_d3304